000 00541nam a22001817a 4500
003 koha_MIRAKIL
005 20250604150150.0
008 250604b eng||||| |||| 00| 0 eng d
020 _a9780736280778
040 _aTR-IsEVY
_btur
_cTR-IsEVY
082 _a790 BES
245 0 _aThe best game plan.
260 _aHampton-Brown :
_bNational Geographic School Publishing,
_c2011.
300 _a32 p. :
_bcolour pictures ;
_c24 cm.
490 0 _aRead on your own ;
_vbook 22.
650 _aSport.
_vGame Plan.
_vTeam Sports.
942 _2ddc
_cBK
999 _c22438
_d22438